00309nam a2200133Ia 4500008004100000020001500041041001200056082001100068100001400079245002900093260003300122300000800155650001200163221030s9999 xx 000 0 und d a8189093916 aEnglish a105.23 aM. Thomas 0aCommon Errors in English bLotus PressaNew Delhic2007 a251 aEnglish